000
00321nam a2200121Ia 4500
008
210430s9999 xx 000 0 und d
082
_a
539.7 M 8171 P
100
_a
Kenneth S.Krane
245
_a
Introductory Nuclear Physics /
_c
Kenneth S.Krane
260
_a
Photocopy
_b
scme
_c
1998
300
_a
844 p
942
_c
BK
_2
ddc
999
_c
562420
_d
562420